000 00870nem a2200241 u 4500
005 20160518115810.0
008 160518b1993 U ||||| |a|| 00| 0 spa d
040 _aCO-BoIAVH
_cCO-BoIAVH
041 _aeng
044 _axxu
090 _aMC-
_b0263
110 1 _aEstados Unidos.
_bDefense Mapping Agency.
_969086
245 1 _aLa Jagua de Ibirico
_bColombia
_cpreparado y publicado por Defense Mapping
_h[Material Cartografico]/
255 _a1:100,000
260 _aEstados Unidos :
_bDefense Mapping Agency,
_c1993
300 _a1 mapa :
_bcolor. ;
_c 60 x 76 cm
650 1 6 _aCarreteras
_zLa Jagua de Ibirico
_969087
650 1 6 _aGeografía
_zLa Jagua de Ibirico
_969088
650 1 6 _aMontañas
_zLa Jagua de Ibirico
_969089
650 1 6 _a Recursos de la tierra
_zLa Jagua de Ibirico
_969090
650 1 6 _aHidrografía
_zLa Jagua de Ibirico
_969091
942 _2z
_cMapa
999 _c18622
_d18622